Baskett Balls Unforgettables (Record no. 57834)

MARC details
000 -LEADER
fixed length control field 00427nam a2200145Ia 4500
008 - FIXED-LENGTH DATA ELEMENTS--GENERAL INFORMATION
fixed length control field 211109s9999||||xx |||||||||||||| ||und||
082 ## - DEWEY DECIMAL CLASSIFICATION NUMBER
Classification number 823
Item number DAV-B
100 ## - MAIN ENTRY--PERSONAL NAME
Personal name Davis, Mac
245 #0 - TITLE STATEMENT
Title Baskett Balls Unforgettables
260 ## - PUBLICATION, DISTRIBUTION, ETC.
Name of publisher, distributor, etc. Popular Book Depot
Place of publication, distribution, etc. Delhi
Date of publication, distribution, etc. 1973
300 ## - PHYSICAL DESCRIPTION
Extent 138p.
630 ## - SUBJECT ADDED ENTRY--UNIFORM TITLE
General subdivision General Stack
650 ## - SUBJECT ADDED ENTRY--TOPICAL TERM
Topical term or geographic name entry element English fiction
942 ## - ADDED ENTRY ELEMENTS (KOHA)
Koha item type BOOK
650 ## - SUBJECT ADDED ENTRY--TOPICAL TERM
Form subdivision English & Old English literatures
General subdivision Literature & rhetoricGeneralia
Holdings
Withdrawn status Lost status Damaged status Not for loan Home library Current library Date acquired Cost, normal purchase price Total Checkouts Full call number Barcode Shelving location Date last seen Price effective from Koha item type
        SB LIBRARY SB LIBRARY 09/11/2021 100.00   823 DAV-B 00040850 GENERAL STACK 09/11/2021 09/11/2021 BOOK

Powered by Koha